ბათუმის შოთა რუსთაველის სახელმწიფო უნივერსიტეტის ბიბლიოთეკა

ძველი სადგომები სამხრეთ-დასავლეთ საქართველოს ახალშავზღვურ ტერასაზე / (ბიბ.ჩანაწერი № 36814)

000 -ლიდერი
ფიქსირებული სიგრძის საკონტროლო ველი 01826nam a2200265Ia 4500
001 - საკონტროლო ნომერი
საკონტროლო ველი 2757
003 - საკონტროლო ნომრის იდენტიფიკატორი
საკონტროლო ველი GE_BSU
005 - ბოლო ოპერაციის თარიღი და დრო
საკონტროლო ველი 20190607190358.0
008 - ფიქსირებული სიგრძის მონაცემთა ელემენტები - ზოგადი ინფორმაცია
ფიქსირებული სიგრძის საკონტროლო ველი 181216s2012||||ge |||||||||||||| ||geo||
020 ## - წიგნის საერთაშორისო სტანდარტული ნომერი
International Standard Book Number 9789941412875
040 ## - კატალოგიზაციის წყარო
Transcribing agency GE_BSU
041 ## - ენის კოდი
Language code of text/sound track or separate title geo
080 ## - უნივერსალური ათობითი კლასიფიკაციის ინდექსი
Universal Decimal Classification number 903.4(479.223) თ–15
100 ## - მთავარი ჩანაწერი - პიროვნების სახელი
Personal name თავამაიშვილი, გიორგი
9 (RLIN) 2289
245 ## - ცნობა სათაურის შესახებ
Title ძველი სადგომები სამხრეთ-დასავლეთ საქართველოს ახალშავზღვურ ტერასაზე /
Statement of responsibility, etc გიორგი თავამაიშვილი ; რედ. ნინო ინაიშვილი ; შოთა რუსთაველის სახელმწ. უნ-ტი, ნიკო ბერძენიშვილის სამეცნ. ცენტრის ჰუმანიტ.-სოც. მიმართულება.
300 ## - ფიზიკური აღწერა
Extent 209 გვ. :
Other physical details ილ.,
Dimensions 20 სმ.
490 ## - სერიის ცნობა
Series statement სამხრეთ-დასავლეთ საქართველოს არქეოლოგიური ძეგლები-XXII,
International Standard Serial Number ISSN 1987-8133
501 ## - შენიშვნა თანმხლებ მასალაზე
With note ტაბულები: გვ. 189-211.
504 ## - BIBLIOGRAPHY, ETC. NOTE
Bibliography, etc ბიბლიოგრ.: გვ. 158-188.
520 ## - SUMMARY, ETC.
Summary, etc რეზ. რუს. და ინგლ.
653 ## - INDEX TERM--UNCONTROLLED
Uncontrolled term პირველყოფილი დასახლებები სამხრეთ-დასავლეთ საქართველოში
700 ## - ADDED ENTRY--PERSONAL NAME
Personal name ინაიშვილი, ნინო
Relator term რედაქტორი
9 (RLIN) 2290
710 ## - ADDED ENTRY--CORPORATE NAME
Corporate name or jurisdiction name as entry element შოთა რუსთაველის სახელმწ. უნ-ტი;
Subordinate unit ნიკო ბერძენიშვილის სამეცნ. ცენტრი.
9 (RLIN) 2291
942 ## - ADDED ENTRY ELEMENTS (KOHA)
Koha item type წიგნი
Source of classification or shelving scheme
ეგზემპლარები
ჩამოწერის სტატუსი დაკარგული ეგზემპლარის სტატუსი კლასიფიკაციის წყარო ან თაროზე გაწყობის სქემა დაზიანების სტატუსი არ გაიცემა მუდმივი მდებარეობა (დაცვის ადგილი) ამჟამინდელი ადგილსამყოფელი თაროზე განთავსების ადგილი შეძენის თარიღი ღირებულება, შესყიდვის ნორმალური ფასი სრული შენახვის შიფრი შტრიხკოდი ბოლო ოპერაციის თარიღი ეგზემპლარის მიმდევრობითი ნომერი (კეტერი?) ფასის ძალაში შესვლის თარიღი ეგზემპლარის სახეობა საჯარო შენიშვნა
          ბათუმის შოთა რუსთაველის სახელმწიფო უნივერსიტეტის მთავარი ბიბლიოთეკა ბათუმის შოთა რუსთაველის სახელმწიფო უნივერსიტეტის მთავარი ბიბლიოთეკა წიგნსაცავი 2018-12-17 5.70 903.4(479.223) თ–15 4718 2018-12-17 4718 2018-12-17 წიგნი 5 ლ. 70 თ.
          ბათუმის შოთა რუსთაველის სახელმწიფო უნივერსიტეტის მთავარი ბიბლიოთეკა ბათუმის შოთა რუსთაველის სახელმწიფო უნივერსიტეტის მთავარი ბიბლიოთეკა წიგნსაცავი 2018-12-17   903.4(479.223) თ–15 4719 2018-12-17 4719 2018-12-17 წიგნი 5 ლ. 70 თ.
          ბათუმის შოთა რუსთაველის სახელმწიფო უნივერსიტეტის მთავარი ბიბლიოთეკა ბათუმის შოთა რუსთაველის სახელმწიფო უნივერსიტეტის მთავარი ბიბლიოთეკა წიგნსაცავი 2018-12-17 5.00 903.4(479.223) თ–15 4720 2018-12-17 4720 2018-12-17 წიგნი 5 ლ. 70 თ.
          ბათუმის შოთა რუსთაველის სახელმწიფო უნივერსიტეტის მთავარი ბიბლიოთეკა ბათუმის შოთა რუსთაველის სახელმწიფო უნივერსიტეტის მთავარი ბიბლიოთეკა წიგნსაცავი 2018-12-17 5.00 903.4(479.223) თ–15 4721 2018-12-17 4721 2018-12-17 წიგნი 5 ლ. 70 თ.
          ბათუმის შოთა რუსთაველის სახელმწიფო უნივერსიტეტის მთავარი ბიბლიოთეკა ბათუმის შოთა რუსთაველის სახელმწიფო უნივერსიტეტის მთავარი ბიბლიოთეკა წიგნსაცავი 2018-12-17 5.00 903.4(479.223) თ–15 4722 2018-12-17 4722 2018-12-17 წიგნი 5 ლ. 70 თ.